000 00531 a2200217 4500
001 133721
020 _a85-08-03962-X
040 _cLeonardo Da Vinci
041 _aInglês
082 _aLI M315f
_bM315f
100 _aMARQUES, Amadeu
245 _aFred´s boots
250 _a4.ed
260 _bÁtica
_c1995
_aSão Paulo
300 _a16
362 _a19950000
490 _aFirst readers
500 _aAvelino Guedes (Ilustração)
697 _aLiteratura infanto-juvenil
_aLiteratura juvenil
_aInglês
942 _cBK
999 _c133721
_d133721